MDQL
is popping MORE tags! Check the
thread
!
Quizzes
Events
Quiz Creation
Community
Videos
Private Events
Remove Ads
Sign In
Join for FREE
Feedback
Dark Mode
Quiz Categories
Sports
Geography
Music
Movies
Television
Just For Fun
Miscellaneous
History
Literature
Language
Science
Gaming
Entertainment
Religion
Holiday
For Kids
Quiz Lab
Recent
Popular Today
Quiz Kudos Today
Editor Picks
Curator Picks
Quizzes by...
Day
Popularity
Type
Ratings
Length
Year
Community
Subscriptions
Recent Discussions
Orange Saloon
Badges
Playlists
Quests
Create
Leaderboards
Showdown
Live 5
Trivia Bingo
Activity
Puzzle Library
Sporcle Events
Private Events
Virtual Trivia
Globe League
Become a Host
Pub Owners
SporcleCon
Opinionation
Our Games
Videos
Blog
Mobile Apps
Partnerships
Remove Ads and Go Orange
Feedback
Just For Fun
Clickable
Get the Picture
Humor
Quick Pick
Word Ladder
Missing Word
Mixed Word
Blitz
Minefield
This or That
Alphabet
Color
Typing
Sporcle
Puzzle
Word Play
Follow That Line
Logic
Just For Fun
Clickable
Get the Picture
Humor
Quick Pick
Word Ladder
Missing Word
Mixed Word
Blitz
Minefield
This or That
Alphabet
Color
Typing
Sporcle
Puzzle
Word Play
Follow That Line
Logic
Random Quiz
Search Sporcle
×
Quiz Lab
Quiz Lab
Just For Fun
Country
Type in answers that appear in a list
Type in answers that appear in a list
Classic
Best Score? Go Orange.
Countries by number of railways Stats
Can you name the Countries by number of railways?
By
JT007
10m
50 Questions
176 Plays
176 Plays
176 Plays
Comments
Comments
Give Quiz Kudos
Give Quiz Kudos
-
- Ratings
hide this ad
Replay
Link that replays current quiz
Next Quiz
Link to next quiz in quiz playlist
You Got
0%
They Got
Avg Score
81%
Avg Friend Score
Upgrade to see
Score Distribution
Jump to the score distribution portion of the page
Score
0/50
Timer
10:00
0
Plays Today
Number of railways
Country
% Correct
226,427
United States Of America
98.3%
87,157
Russia
98.3%
16,456
United Kingdom
97.7%
77,834
China
97.2%
46,688
Canada
97.2%
37,855
Australia
96.6%
28,857
Brazil
96.6%
63,327
India
95.5%
17,516
Mexico
95.5%
41,896
Germany
94.9%
31,409
Argentina
94.9%
29,213
France
94.9%
23,506
Japan
93.8%
20,872
South Africa
93.8%
19,729
Italy
93.8%
15,288
Spain
93.8%
11,633
Sweden
92%
4,114
Norway
91.5%
8,697
Turkey
89.2%
22,314
Poland
88.6%
5,794
Finland
88.1%
6,399
Austria
87.5%
5,063
Egypt
87.5%
5,481
Chile
86.9%
7,791
Pakistan
85.2%
Number of railways
Country
% Correct
21,655
Ukraine
84.7%
4,888
Switzerland
84.7%
4,128
New Zealand
84.1%
8,442
Iran
83.5%
10,788
Romania
77.8%
9,620
Czech Republic
77.8%
8,057
Hungary
77.3%
3,802
Colombia
77.3%
4,071
Thailand
76.7%
3,505
Niger
76.7%
3,505
Nigeria
76.1%
8,529
Indonesia
75.6%
13,700
Kazakhstan
72.7%
5,978
Sudan
71.6%
4,294
Bulgaria
71.6%
3,622
Slovakia
71.6%
8,598
Cuba
67.6%
3,973
Algeria
66.5%
4,007
Democratic Republic Of Congo
64.2%
5,538
Belarus
63.6%
5,235
North Korea
61.4%
3,645
Uzbekistan
60.2%
3,689
Tanzania
48.3%
4,787
Mozambique
44.9%
3,955
Burma
26.7%
Quiz Playlist
Details
Report
Send in Message
Add To Playlist
Classic:
Type in answers that appear in a list
Quiz Source
Last Updated: Feb 16, 2017
Quiz Scoreboard
CHALLENGE
Sign Up to Join the Scoreboard
Show All
Scores
Hide
Comments
May contain spoilers
Recently Published
Image Sorting: Flags VI
by Barbecue
Geography
2m
Find the 'City' Movie
by crazypaving
Movies
60s
Colored Red Africa Blitz
by spor1
Geography
45s
More to Explore
Quiz From the Vault
Featured Blog Post
14 Easter Pick-up Lines to Find Eggs With
hide this ad
You Might Also Like...
Tags
Continent Quiz
Country Quiz
Numbers Quiz
Railway
Today's Top Quizzes in Just For Fun
Browse Just For Fun
hide this ad
Today's Top Quizzes in Country
Browse Country
Top Contributed Quizzes in Just For Fun
1
Name Just One - 10 to 1: Just For Fun
2
Avatar the Last Airbender: Logic Puzzle
3
Missing Word: 2-Letter A-Z II
4
Missing Letter Whitney Houston Songs
5
It's Magic / Witchcraft 🎩🪄🧙♀️
6
Survivor Winners Logic Puzzle
7
Missing Word: 'Of' Things A-Z
8
01-36 Logic Puzzle I
9
Quick 5-Color Logic (18)
10
Shadowhunters Protagonists Logic Quiz
Explore More
Trending Topics
Anime
NBA
Disney
Kpop
Harry Potter
Marvel
Crossword
Soccer
The Office
WWE
Song
Pokémon
NFL
Puzzle
Country
hide this ad
More By:
JT007
Quiz
Plays
Rating
Category
Featured
Created
'N' Countries
279,810
4.49
Geography
Feb 1, 2010
Mixed Word: Countries to Capital
53,913
4.26
Just For Fun
Mar 1, 2010
can you name the car by manufacturer 2
1,569
1.67
Just For Fun
Nov 6, 2009
Countries that these cars were first built
946
3.00
Just For Fun
Nov 8, 2009
Car manufacturers
899
4.50
Just For Fun
Nov 21, 2009
Go to Creator's Profile
Score Distribution
Quiz Creator Spotlight
JT007
Follow
Send a Message
Quizzes Created
-
Created Quiz Play Count
-
More By This Creator
Popular Quizzes Today
1
Colored Red Africa Blitz
2
Find the US States - No Outlines Minefield
3
Find the 'City' Movie
4
5x2 Blitz: Bands
5
The Countries of the World
6
Find the US States
7
Find the Countries of Europe - No Outlines Minefield
8
US States
More Just For Fun Quizzes
Missing Word: Irish Actors and Actresses
Published
Trending Quizzes
Colored Red Europe Blitz I
Colored Red Europe Blitz II
Colored Red Africa Blitz II
Colored Red Europe Blitz III
Colored Red Africa Blitz III
Recently Updated
How Do You Spell That?
pecheneg
Godzilla Movies
pecheneg
Grab Bag: 4-10 Letters
pecheneg
2024 March Madness Bracket
pecheneg
Famous TV Couples
Peacemaker
Champions League XIs: Real Madrid
pecheneg
Largest US Cities 1790-2010
pecheneg
Rides in Walt Disney World
pecheneg
Most Oscar Losses (Acting)
pecheneg
Beyoncé Albums
pecheneg
Trending Topics
Disney
Kpop
Anime
NBA
Harry Potter
Marvel
Crossword
NFL
Pokémon
Puzzle
Song
WWE
Country
The Office
Soccer
Your Account Isn't Verified!
In order to create a playlist on Sporcle, you need to verify the email address you used during registration. Go to your
Sporcle Settings
to finish the process.
Report this User
Report this user for behavior that violates our
Community Guidelines
.
Details:
Send Report
Go to the Sporcle.com Mobile Site →
Comments